Land tenure systems and their impact on agricultural investments and productivity in Uganda (Record no. 53681)

000 -LEADER
fixed length control field 00514pab a2200181 454500
008 - FIXED-LENGTH DATA ELEMENTS--GENERAL INFORMATION
fixed length control field 180718b2002 xxu||||| |||| 00| 0 eng d
100 ## - MAIN ENTRY--PERSONAL NAME
Personal name Place, Frank
245 ## - TITLE STATEMENT
Title Land tenure systems and their impact on agricultural investments and productivity in Uganda
260 ## - PUBLICATION, DISTRIBUTION, ETC.
Date of publication, distribution, etc. 2002
300 ## - PHYSICAL DESCRIPTION
Extent p.105-28.
362 ## - DATES OF PUBLICATION AND/OR SEQUENTIAL DESIGNATION
Dates of publication and/or sequential designation Aug
650 ## - SUBJECT ADDED ENTRY--TOPICAL TERM
Topical term or geographic name entry element Agriculture - Uganda
650 ## - SUBJECT ADDED ENTRY--TOPICAL TERM
Topical term or geographic name entry element Land tenure - Uganda
650 ## - SUBJECT ADDED ENTRY--TOPICAL TERM
Topical term or geographic name entry element Land tenure
700 ## - ADDED ENTRY--PERSONAL NAME
Personal name Otsuka, Keijiro
773 ## - HOST ITEM ENTRY
Main entry heading Journal of Development Studies
909 ## -
-- 53681
Holdings
Withdrawn status Lost status Damaged status Not for loan Permanent Location Current Location Date acquired Serial Enumeration / chronology Barcode Date last seen Price effective from Koha item type
        Indian Institute of Public Administration Indian Institute of Public Administration 2018-07-19 Volume no: 38, Issue no: 6 AR54126 2018-07-19 2018-07-19 Articles

Powered by Koha